00292nam a2200133Ia 4500003000900000008004100009040001300050040001300063100001900076245003500095260001400130300000800144490000600152IT-RoPAU120407s9999 xx 000 0 und d aIT-RoPAU cIT-RoPAU aPinchas Lapide aBibbia tradotta Bibbia tradita aDehoniane c cm v1